[Event "EU-ch (Women) 24th"]
[Site "Rhodes"]
[Date "2024.04.22"]
[Round "4"]
[White "Rodriguez Redondo, Adhara"]
[Black "Gaponenko, Inna"]
[Result "1/2-1/2"]
[WhiteElo "2152"]
[BlackElo "2332"]
[PlyCount "43"]
[EventDate "2024.04.19"]
[EventType "swiss"]
[EventRounds "10"]
[EventCountry "GRE"]
[SourceTitle "CB18_2024"]
[SourceDate "2024.05.01"]
[SourceVersion "1"]
[SourceVersionDate "2024.05.01"]
[SourceQuality "2"]

1. e4 e5 2. Nf3 Nf6 3. Nxe5 d6 4. Nf3 Nxe4 5. d3 Nf6 6. d4 g6 7. Bd3 Bg7 8. 0-0 0-0 9. h3 Nc6 10. c3 Ne7 11. Re1 Bf5 12. Bxf5 Nxf5 13. Bg5 Re8 14. Rxe8+ Qxe8 15. Bxf6 Bxf6 16. Nbd2 c5 17. dxc5 dxc5 18. Qb3 Qc6 19. Re1 Nd6 20. Ne5 Bxe5 21. Rxe5 Re8 22. Rxe8+ 1/2-1/2

[Event "EU-ch (Women) 24th"]
[Site "Rhodes"]
[Date "2024.04.20"]
[Round "2"]
[White "Rodriguez Redondo, Adhara"]
[Black "Kroliczek, Gabriela"]
[Result "1-0"]
[WhiteElo "2152"]
[BlackElo "1957"]
[PlyCount "99"]
[EventDate "2024.04.19"]
[EventType "swiss"]
[EventRounds "10"]
[EventCountry "GRE"]
[SourceTitle "CB18_2024"]
[SourceDate "2024.05.01"]
[SourceVersion "1"]
[SourceVersionDate "2024.05.01"]
[SourceQuality "2"]

1. e4 e6 2. d4 d5 3. exd5 exd5 4. Nf3 Nc6 5. Bb5 Bd6 6. c4 dxc4 7. 0-0 Nge7 8. Bxc4 0-0 9. Be3 Bg4 10. h3 Bh5 11. g4 Bg6 12. Nc3 Na5 13. Be2 f5 14. Ng5 Qd7 15. d5 f4 16. Bd4 c5 17. dxc6 Nexc6 18. Bc5 Rad8 19. Qd5+ Bf7 20. Qd3 Bg6 21. Qxd6 Qxd6 22. Bxd6 Rxd6 23. Nge4 Rd4 24. f3 Rfd8 25. b3 a6 26. h4 h5 27. gxh5 Bxh5 28. Kf2 Re8 29. Rg1 Kf8 30. Rg5 Re5 31. Rag1 Bf7 32. Rxg7 Rh5 33. R7g4 b5 34. Rxf4 Ne5 35. Rg5 Rxg5 36. hxg5 Nac6 37. Rf6 Ke7 38. Ke3 b4 39. Na4 Be8 40. Nac5 Nf7 41. g6 Nh6 42. Re6+ Kd8 43. Rf6 Ke7 44. g7 Ng8 45. Re6+ Kf7 46. Ng5+ Kxg7 47. Rxe8 Rd5 48. Nce6+ Kh8 49. Nf7+ Kh7 50. Bd3+ 1-0

[Event "EU-ch Rapid (Women)"]
[Site "Monaco"]
[Date "2024.01.13"]
[Round "1"]
[White "Khotenashvili, Bela"]
[Black "Rodriguez Redondo, Adhara"]
[Result "1-0"]
[WhiteElo "2467"]
[BlackElo "2130"]
[PlyCount "84"]
[EventDate "2024.01.13"]
[EventType "swiss (rapid)"]
[EventRounds "11"]
[EventCountry "MNC"]
[SourceTitle "CB03_2024"]
[SourceDate "2024.01.17"]
[SourceVersion "1"]
[SourceVersionDate "2024.01.17"]
[SourceQuality "1"]

1. Nf3 d5 2. g3 Nf6 3. Bg2 e6 4. 0-0 Be7 5. d3 0-0 6. Nbd2 c5 7. e4 Nc6 8. Re1 b5 9. e5 Nd7 10. Nf1 Qc7 11. Bf4 Bb7 12. h4 Rfc8 13. Ne3 Qd8 14. c4 bxc4 15. dxc4 d4 16. Nc2 a5 17. Qd3 Kh8 18. Na3 Nb4 19. Qd2 Bc6 20. Ng5 Qg8 21. Bxc6 Rxc6 22. Nb5 Nb6 23. Rec1 Rd8 24. a3 Na6 25. Qxa5 Ra8 26. Qd2 Rd8 27. Ne4 Nc8 28. Bg5 h6 29. Bxe7 Nxe7 30. Ned6 Nc8 31. b4 Nxd6 32. Nxd6 Rcxd6 33. exd6 Rxd6 34. b5 Nb8 35. a4 Nd7 36. Qf4 e5 37. Qe4 d3 38. a5 Rd4 39. Qb7 e4 40. a6 Ne5 41. a7 Nf3+ 42. Kg2 d2 1-0

[Event "Wch U20 Girls 39th"]
[Site "Mexico City"]
[Date "2023.09.27"]
[Round "7"]
[White "Castellanos Hernandez, Lhia Itzayana"]
[Black "Rodriguez Redondo, Adhara"]
[Result "1/2-1/2"]
[WhiteElo "1890"]
[BlackElo "2135"]
[PlyCount "83"]
[EventDate "2023.09.21"]
[EventType "swiss"]
[EventRounds "11"]
[EventCountry "MEX"]
[SourceTitle "EXT 2024"]
[Source "ChessBase"]
[SourceDate "2023.10.10"]
[SourceVersion "1"]
[SourceVersionDate "2023.10.10"]
[SourceQuality "1"]

1. e4 e5 2. Nf3 Nc6 3. Bc4 Nf6 4. Ng5 d5 5. exd5 Na5 6. Bb5+ c6 7. dxc6 bxc6 8. Bd3 Nd5 9. Nf3 Bd6 10. 0-0 0-0 11. Qe1 f5 12. Be2 e4 13. Nd4 Qh4 14. g3 Qf6 15. d3 exd3 16. Qxa5 Qxd4 17. Bxd3 f4 18. Qd2 Qf6 19. Nc3 Nxc3 20. Qxc3 Be5 21. Qc4+ Be6 22. Qe4 g6 23. Bxf4 Bxf4 24. Qxf4 Qxf4 25. gxf4 Rxf4 26. Rfe1 Bd5 27. c4 Rg4+ 28. Kf1 Bg2+ 29. Ke2 Rh4 30. f3 Rf8 31. Be4 Rxh2 32. Ke3 Rh3 33. Bxc6 Bxf3 34. Bxf3 Rfxf3+ 35. Kd4 Rf4+ 36. Re4 Rxe4+ 37. Kxe4 Kf7 38. Kd5 Rd3+ 39. Kc6 h5 40. c5 h4 41. Kb7 Rd2 42. Rb1 1/2-1/2

[Event "Wch U20 Girls 39th"]
[Site "Mexico City"]
[Date "2023.09.22"]
[Round "2"]
[White "Rodriguez Redondo, Adhara"]
[Black "Milner, Romi"]
[Result "1-0"]
[WhiteElo "2135"]
[BlackElo "1856"]
[PlyCount "85"]
[EventDate "2023.09.21"]
[EventType "swiss"]
[EventRounds "11"]
[EventCountry "MEX"]
[SourceTitle "EXT 2024"]
[Source "ChessBase"]
[SourceDate "2023.10.10"]
[SourceVersion "1"]
[SourceVersionDate "2023.10.10"]
[SourceQuality "1"]

1. e4 e5 2. Nf3 Nc6 3. Bc4 Bc5 4. c3 Nf6 5. d3 h6 6. Nbd2 d6 7. Bb3 0-0 8. Nf1 Ne7 9. d4 exd4 10. cxd4 Bb4+ 11. Bd2 Bxd2+ 12. N1xd2 Ng6 13. 0-0 Re8 14. Re1 Be6 15. Rc1 Qd7 16. Bc2 Nf4 17. Nf1 Bg4 18. Re3 Re7 19. Ng3 d5 20. e5 Nh7 21. Qd2 Nh5 22. e6 Qd6 23. exf7+ Rxf7 24. Ne5 Rf4 25. Nxg4 Nxg3 26. Bxh7+ Kxh7 27. Rxg3 Re8 28. Ne5 Qf6 29. Rf1 Qf5 30. Qd3 c6 31. Qxf5+ Rxf5 32. Rb3 Re7 33. Nf3 Rf6 34. Re3 Rc7 35. Rfe1 Rff7 36. h4 Rfd7 37. Ne5 Re7 38. h5 Kg8 39. Ng6 Rxe3 40. Rxe3 Kf7 41. g4 Kf6 42. Kg2 Rd7 43. Rf3+ 1-0

[Event "Tenerife-ch Seniors/Women"]
[Site "Santa Cruz de Tenerife"]
[Date "2023.03.27"]
[Round "7.1"]
[White "Rodriguez Redondo, Adhara"]
[Black "Perez Perez, Gabriel"]
[Result "1/2-1/2"]
[WhiteElo "2100"]
[BlackElo "2192"]
[PlyCount "40"]
[EventDate "2023.03.13"]
[EventType "swiss"]
[EventRounds "9"]
[EventCountry "ESP"]
[SourceTitle "EXT 2024"]
[Source "ChessBase"]
[SourceDate "2023.10.10"]
[SourceVersion "1"]
[SourceVersionDate "2023.10.10"]
[SourceQuality "1"]

1. e4 e5 2. Nf3 Nc6 3. Bc4 Nf6 4. d3 Be7 5. Nc3 d6 6. a4 0-0 7. h3 Kh8 8. a5 a6 9. 0-0 Ng8 10. Nd5 f5 11. Nxe7 Qxe7 12. exf5 Bxf5 13. c3 Nf6 14. d4 d5 15. Be2 exd4 16. Nxd4 Nxd4 17. cxd4 Ne4 18. Bd3 Qh4 19. Bxe4 dxe4 20. Ra3 Qe7 1/2-1/2

[Event "Tenerife-ch Seniors/Women"]
[Site "Santa Cruz de Tenerife"]
[Date "2023.03.20"]
[Round "4.2"]
[White "Rodriguez Redondo, Adhara"]
[Black "Martinez Rojas, Carlos Jose"]
[Result "1-0"]
[WhiteElo "2100"]
[BlackElo "1947"]
[PlyCount "97"]
[EventDate "2023.03.13"]
[EventType "swiss"]
[EventRounds "9"]
[EventCountry "ESP"]
[SourceTitle "EXT 2024"]
[Source "ChessBase"]
[SourceDate "2023.10.10"]
[SourceVersion "1"]
[SourceVersionDate "2023.10.10"]
[SourceQuality "1"]

1. e4 c5 2. Nf3 d6 3. d4 cxd4 4. Nxd4 Nf6 5. Nc3 g6 6. Be2 Bg7 7. 0-0 Nc6 8. Be3 0-0 9. Nb3 a5 10. a4 Be6 11. f4 Qd7 12. Bb5 Bxb3 13. cxb3 Qg4 14. Qd2 Rad8 15. Be2 Qh4 16. Bb6 Rc8 17. Bf3 e5 18. Bf2 Qh6 19. Be3 Qh4 20. fxe5 Ng4 21. Bxg4 Qxg4 22. exd6 Rcd8 23. Rad1 Rd7 24. Qd5 Be5 25. Nb5 Qh4 26. h3 Qg3 27. Rf3 Qh2+ 28. Kf2 Kg7 29. Qd2 Rfd8 30. Bf4 Bxf4 31. Qxf4 Qxf4 32. Rxf4 Ne5 33. Kg1 Rc8 34. Rf2 Rdd8 35. Kh2 Rc6 36. Rdd2 f6 37. Rd5 h5 38. Nd4 Rcxd6 39. Ne6+ Rxe6 40. Rxd8 Rb6 41. Rd5 Rxb3 42. Rxa5 g5 43. Rb5 Re3 44. Rxb7+ Kg6 45. Rb6 g4 46. Rfxf6+ Kg5 47. Rf5+ Kh4 48. g3+ Rxg3 49. Rxh5+ 1-0

[Event "Tenerife-chT Preferente"]
[Site "Tenerife"]
[Date "2023.03.18"]
[Round "8.1"]
[White "Perera Gonzalez, Pablo"]
[Black "Rodriguez Redondo, Adhara"]
[Result "0-1"]
[WhiteElo "2125"]
[BlackElo "2091"]
[PlyCount "58"]
[EventDate "2023.01.14"]
[EventType "team-tourn"]
[EventRounds "14"]
[EventCountry "ESP"]
[SourceTitle "EXT 2024"]
[Source "ChessBase"]
[SourceDate "2023.10.10"]
[SourceVersion "1"]
[SourceVersionDate "2023.10.10"]
[SourceQuality "1"]
[WhiteTeam "Circulo de Amistad XII Enero"]
[BlackTeam "El Sauzal Libreria Barco"]
[WhiteTeamCountry "ESP"]
[BlackTeamCountry "ESP"]

1. d4 Nf6 2. Nf3 d5 3. c4 e6 4. Nc3 Bb4 5. Qa4+ Nc6 6. cxd5 exd5 7. g3 0-0 8. a3 Bxc3+ 9. bxc3 Ne4 10. Qc2 Qf6 11. Bg2 Na5 12. 0-0 Nc4 13. Ne5 Nxe5 14. dxe5 Qxe5 15. Bf4 Qe7 16. c4 Bf5 17. cxd5 Nxg3 18. e4 Nxe4 19. Rfe1 Rfe8 20. Rac1 Qf6 21. Qxc7 Qd4 22. Bxe4 Bxe4 23. d6 Bc6 24. Bg3 Qd5 25. f3 Rxe1+ 26. Bxe1 Qxf3 27. Rxc6 Qxc6 28. Bh4 Qxc7 29. dxc7 Rc8 0-1

[Event "Benidorm Bali op-A"]
[Site "Benidorm"]
[Date "2022.12.06"]
[Round "4"]
[White "Remolar Gallen, Jose"]
[Black "Rodriguez Redondo, Adhara"]
[Result "1/2-1/2"]
[WhiteElo "2305"]
[BlackElo "2057"]
[PlyCount "101"]
[EventDate "2022.12.03"]
[EventType "swiss"]
[EventRounds "9"]
[EventCountry "ESP"]
[SourceTitle "CBM 211 Extra"]
[Source "ChessBase"]
[SourceDate "2023.01.31"]
[SourceVersion "1"]
[SourceVersionDate "2023.01.31"]
[SourceQuality "1"]

1. c4 e6 2. Nf3 d5 3. e3 Nf6 4. Nc3 Bd6 5. b3 b6 6. Bb2 Bb7 7. cxd5 exd5 8. Be2 0-0 9. Nd4 Re8 10. 0-0 Bf8 11. Nf5 Nbd7 12. d4 g6 13. Ng3 h5 14. Bf3 Bg7 15. Rc1 Nf8 16. Rc2 N8h7 17. Nge2 Ng5 18. Nf4 Nxf3+ 19. Qxf3 Ne4 20. Rfc1 c6 21. Nxe4 dxe4 22. Qg3 h4 23. Qg4 Bc8 24. Qd1 Bb7 25. d5 Bxb2 26. Rxb2 Qf6 27. Rd2 cxd5 28. Rc7 Re7 29. Rxe7 Qxe7 30. Nxd5 Bxd5 31. Rxd5 Rc8 32. h3 Qf6 33. Rd4 Re8 34. Qg4 Kg7 35. a4 Qe6 36. Qxh4 Qxb3 37. Qf4 Qe6 38. g4 Qe5 39. Qxe5+ Rxe5 40. Kg2 g5 41. Kg3 Kg6 42. h4 gxh4+ 43. Kxh4 f6 44. Rb4 Re6 45. Kg3 f5 46. Kf4 fxg4 47. Kxg4 Rf6 48. Rxe4 Rxf2 49. Re7 a6 50. Re6+ Rf6 51. Rxf6+ 1/2-1/2

[Event "EU-ch U18 Girls 30th"]
[Site "Antalya"]
[Date "2022.11.14"]
[Round "9"]
[White "Qasem, Huda"]
[Black "Rodriguez Redondo, Adhara"]
[Result "0-1"]
[WhiteElo "1771"]
[BlackElo "2088"]
[PlyCount "98"]
[EventDate "2022.11.06"]
[EventType "swiss"]
[EventRounds "9"]
[EventCountry "TUR"]
[SourceTitle "EXT 2024"]
[Source "ChessBase"]
[SourceDate "2023.10.10"]
[SourceVersion "1"]
[SourceVersionDate "2023.10.10"]
[SourceQuality "1"]

1. e4 e5 2. Nf3 Nc6 3. Bb5 a6 4. Ba4 Nf6 5. Nc3 d6 6. Bxc6+ bxc6 7. d4 exd4 8. Nxd4 Bd7 9. 0-0 Be7 10. Bf4 0-0 11. e5 Ne8 12. Qf3 d5 13. Qh5 Qc8 14. h3 Rb8 15. Rab1 Rb4 16. Be3 Qb7 17. Nb3 Qc8 18. f4 g6 19. Qe2 Ng7 20. a3 Rb8 21. Nd4 Re8 22. Nf3 h5 23. Qd2 Nf5 24. Bf2 h4 25. Ne2 Qd8 26. Ned4 c5 27. Nxf5 Bxf5 28. Rfc1 Be4 29. Qe2 c4 30. Nh2 Kg7 31. Ng4 Rh8 32. e6 f6 33. Qe1 Qd6 34. Bxh4 Qxe6 35. Bf2 Qf5 36. Ne3 Qe6 37. Ng4 c5 38. Qc3 Bd6 39. Bg3 Qf5 40. Rf1 d4 41. Qxc4 Bxc2 42. Qxa6 Rhd8 43. Ne5 fxe5 44. fxe5 Bd3 45. Rxf5 Bxa6 46. Rf6 Bd3 47. Rd1 Be7 48. Rb6 Be2 49. Rd2 d3 0-1